[Event "15th Delhi Open 2017"]
[Site "New Delhi IND"]
[Date "2017.01.10"]
[Round "2.21"]
[White "Shyaamnikhil, P"]
[Black "Wagh, Suyog"]
[Result "1-0"]
[WhiteTitle "IM"]
[WhiteElo "2446"]
[BlackElo "2177"]
[WhiteFideId "5024218"]
[BlackFideId "25071688"]
[EventDate "2017.01.09"]

1. e4 c5 2. Nf3 d6 3. d4 cxd4 4. Nxd4 Nf6 5. Nc3 a6 6. Be3 e5 7. Nb3 Be6 8. h3
Be7 9. Qf3 b5 10. g4 b4 11. Nd5 Bxd5 12. exd5 O-O 13. g5 Nfd7 14. h4 a5 15. Nd2
Na6 16. Bd3 Nac5 17. Bf5 a4 18. Qg4 Nb6 19. Bxc5 dxc5 20. Nf3 b3 21. c4 a3 22.
axb3 axb2 23. Rb1 e4 24. Bxe4 Ra2 25. O-O Bd6 26. Rfe1 Re8 27. Re2 Qb8 28. Kg2
Bf8 29. Rbxb2 Rxb2 30. Rxb2 Nxc4 31. Bxh7+ Kxh7 32. Qxc4 Qd6 33. h5 Kg8 34. Re2
Rb8 35. g6 Rb4 36. gxf7+ Kxf7 37. Qd3 Kg8 38. Qf5 Qf6 39. Qe6+ Kh7 40. Qxf6 gxf6
41. Re8 Bd6 42. Rd8 Bf4 43. Nh4 Kh6 44. Rh8+ Kg5 45. Nf3+ Kg4 46. h6 Bg5 47. Rg8
Rb7 48. Rg7 Rb8 49. h7 Rh8 50. d6 Kh5 51. d7 Bf4 52. Rg8 1-0

[Event "15th Delhi Open 2017"]
[Site "New Delhi IND"]
[Date "2017.01.10"]
[Round "2.22"]
[White "Prasannaa, S"]
[Black "Murshed, Niaz"]
[Result "1/2-1/2"]
[BlackTitle "GM"]
[WhiteElo "2159"]
[BlackElo "2444"]
[WhiteFideId "5068878"]
[BlackFideId "10200010"]
[EventDate "2017.01.09"]

1. b4 Nf6 2. Bb2 e6 3. a3 d5 4. e3 a5 5. b5 Nbd7 6. Nf3 Bd6 7. d4 Nb6 8. a4 Ne4
9. Bd3 f5 10. O-O O-O 11. Ne5 c5 12. bxc6 Bxe5 13. dxe5 bxc6 14. f3 Nc5 15. Nc3
Rf7 16. Be2 Ba6 17. Qd4 Bxe2 18. Nxe2 Na6 19. Nf4 c5 20. Qc3 Nc4 21. e4 Qb6 22.
Ba3 fxe4 23. fxe4 Raf8 24. g3 Nxa3 25. exd5 Nc7 26. Qxa3 Nxd5 27. Nxd5 Rxf1+ 28.
Rxf1 Rxf1+ 29. Kxf1 Qb1+ 30. Kg2 Qxc2+ 31. Kh3 exd5 32. Qe3 Qf5+ 33. g4 Qf1+ 34.
Kh4 Qf8 35. e6 Qe7+ 36. Kh3 d4 37. Qe4 g5 38. Qa8+ Kg7 39. Qe4 d3 40. Qxd3 Qxe6
41. Kg3 Qe5+ 42. Kg2 Qb2+ 43. Kg3 Qe5+ 44. Kg2 Qe6 45. Kg3 c4 46. Qc3+ Kg6 47.
Qxa5 Qe3+ 48. Kg2 Qe4+ 49. Kf2 Qf4+ 50. Ke1 Qxg4 51. Qb6+ Kh5 52. Qc7 Qe4+ 53.
Kd2 Qd3+ 54. Kc1 Qa3+ 55. Kb1 Qb4+ 56. Kc1 Qc3+ 57. Kb1 Qd3+ 58. Kc1 Qe3+ 59.
Kc2 Qe4+ 60. Kd2 Qd5+ 61. Kc2 Qf5+ 62. Kd2 h6 63. a5 Qd3+ 64. Ke1 Qe3+ 65. Kd1
Qf3+ 66. Kd2 Qd3+ 67. Ke1 Qc3+ 68. Kd1 Qb3+ 69. Kd2 Qb2+ 70. Ke3 Qc3+ 71. Ke2
Qc2+ 72. Kf1 c3 73. a6 Qd3+ 74. Kg2 Qxa6 75. Qxc3 Qe2+ 76. Kg1 Qg4+ 77. Kh1 Qe4+
78. Kg1 Kg6 79. Qc8 Qe1+ 80. Kg2 Qe4+ 81. Kg1 g4 82. Qg8+ Kh5 83. Qf7+ Qg6 84.
Qxg6+ Kxg6 85. h3 gxh3 86. Kh2 1/2-1/2

[Event "15th Delhi Open 2017"]
[Site "New Delhi IND"]
[Date "2017.01.10"]
[Round "2.23"]
[White "Venkatesh, M.R."]
[Black "Ajay Krishna, S"]
[Result "1/2-1/2"]
[WhiteTitle "GM"]
[WhiteElo "2439"]
[BlackElo "2167"]
[WhiteFideId "5005779"]
[BlackFideId "5096430"]
[EventDate "2017.01.09"]

1. d4 Nf6 2. Nc3 d5 3. Bf4 c6 4. e3 g6 5. Nf3 Bg7 6. h3 O-O 7. Bd3 Nbd7 8. Bh2
c5 9. O-O b6 10. Ne5 Nxe5 11. dxe5 Nd7 12. Nxd5 Nxe5 13. Be4 Ba6 14. Re1 e6 15.
Nf4 Rc8 16. c3 Qxd1 17. Raxd1 Rfd8 18. Bf3 Nxf3+ 19. gxf3 Kf8 20. e4 Ke8 21. Bg3
h6 22. h4 Rxd1 23. Rxd1 Rd8 24. Rxd8+ Kxd8 25. Ng2 Be2 26. Ne1 Kd7 27. Kg2 a5
28. Bf4 b5 29. Be3 Kc6 30. a3 a4 31. Bd2 b4 32. Nc2 Bd3 33. Ne3 h5 34. Kg3 Bf6
35. Be1 Kb5 36. Bd2 Kc6 37. Be1 Kb5 38. Bd2 Kc6 39. Be1 1/2-1/2

[Event "15th Delhi Open 2017"]
[Site "New Delhi IND"]
[Date "2017.01.10"]
[Round "2.24"]
[White "Islam, Mohammad Aminul"]
[Black "Rathnakaran, K."]
[Result "0-1"]
[BlackTitle "IM"]
[WhiteElo "2150"]
[BlackElo "2428"]
[WhiteFideId "10200967"]
[BlackFideId "5005507"]
[EventDate "2017.01.09"]

1. Nf3 Nf6 2. c4 g6 3. g3 Bg7 4. Bg2 O-O 5. O-O c5 6. Nc3 Nc6 7. d3 d6 8. Bd2 h6
9. Rb1 Be6 10. h3 Qd7 11. Kh2 Rad8 12. e4 Nh7 13. Nd5 f5 14. Nh4 Bf7 15. exf5 g5
16. Nf3 Qxf5 17. Ne1 Qd7 18. Bc3 Nd4 19. b4 b6 20. bxc5 dxc5 21. Bd2 Nf6 22.
Nxf6+ exf6 23. a4 Rfe8 24. a5 Qd6 25. axb6 axb6 26. Be3 f5 27. Nc2 Nxc2 28. Qxc2
f4 29. Bc1 fxg3+ 30. fxg3 Qxd3 31. Qxd3 Rxd3 32. Rxb6 Bxc4 33. Rf2 Bd4 34. Rc2
Bf7 35. Bb2 Bxb2 36. Rbxb2 c4 37. Rb7 Red8 38. Rf2 R8d7 39. Rxd7 Rxd7 40. Rc2
Kg7 41. Kg1 Kf6 42. Kf2 Ke5 43. Bf1 Rc7 44. Ke3 Kd5 45. Bg2+ Kc5 46. Rc1 Re7+
47. Kd2 Kd4 48. Rf1 c3+ 49. Kc1 Bb3 50. Bf3 Ra7 51. Kb1 Bc4 0-1

[Event "15th Delhi Open 2017"]
[Site "New Delhi IND"]
[Date "2017.01.10"]
[Round "2.25"]
[White "Saptarshi, Roy"]
[Black "Pranavananda, V"]
[Result "1-0"]
[WhiteTitle "IM"]
[WhiteElo "2418"]
[BlackElo "2163"]
[WhiteFideId "5008980"]
[BlackFideId "5073588"]
[EventDate "2017.01.09"]

1. e4 e5 2. Nf3 Nc6 3. c3 d5 4. Qa4 f6 5. Bb5 Ne7 6. exd5 Qxd5 7. d4 e4 8. Nfd2
Qg5 9. Rg1 a6 10. Na3 Qh4 11. Bxc6+ Nxc6 12. d5 Qxh2 13. Qxe4+ Ne7 14. Nf3 Qd6
15. Bf4 Qxd5 16. Qe2 Qe6 17. Be3 Nf5 18. Nc2 Nxe3 19. Nxe3 Bc5 20. Nd4 Bxd4 21.
cxd4 O-O 22. d5 Qe5 23. O-O-O Bf5 24. Qc4 Bg6 25. Rd4 c5 26. Rh4 Rad8 27. Re1 b5
28. Qc3 Rfe8 29. Qxe5 Rxe5 30. Rd1 Kf7 31. b4 c4 32. Kb2 a5 33. bxa5 Re7 34. Kc3
Ra7 35. a4 bxa4 36. Nxc4 Rb8 37. d6 a3 38. Ra1 Ke8 39. Rxa3 Kd7 40. Kd4 h5 41.
Kc5 Ra6 42. Nb6+ Rbxb6 43. axb6 Rxa3 44. b7 Ra5+ 45. Kb6 Ra1 46. Rb4 1-0

[Event "15th Delhi Open 2017"]
[Site "New Delhi IND"]
[Date "2017.01.10"]
[Round "2.26"]
[White "Senthil, Maran K"]
[Black "Raghunandan, Kaumandur Srihari"]
[Result "0-1"]
[BlackTitle "IM"]
[WhiteElo "2147"]
[BlackElo "2416"]
[WhiteFideId "25035681"]
[BlackFideId "25004964"]
[EventDate "2017.01.09"]

1. Nf3 Nf6 2. c4 c5 3. e3 g6 4. d4 Bg7 5. Nc3 O-O 6. dxc5 Na6 7. Bd2 Nxc5 8. Rc1
b6 9. Be2 d5 10. b4 Nce4 11. cxd5 Bb7 12. O-O Rc8 13. b5 Nxd2 14. Qxd2 Nxd5 15.
Nxd5 Qxd5 16. Qb4 Bf6 17. Qa4 Qd6 18. Rfd1 Rxc1 19. Rxc1 Bd5 20. h3 e5 21. e4
Bb7 22. Bc4 Rc8 23. Qxa7 Qc7 24. Qa4 Kg7 25. Qc2 Be7 26. Qe2 f6 27. Rc2 Bc5 28.
Bb3 Rd8 29. Qc4 Rd1+ 30. Kh2 Rd8 31. h4 Qe7 32. g4 Bc8 33. Kg3 Qd7 34. Nh2 h5
35. f3 f5 36. Rd2 Bd4 37. Rc2 hxg4 38. fxg4 fxe4 39. Qc7 Qxc7 40. Rxc7+ Kf8 41.
Rf7+ Ke8 42. Rg7 Be3 43. Bf7+ Kf8 44. Rg8+ Ke7 45. Rxd8 Kxd8 46. Bxg6 Bf4+ 47.
Kh3 e3 48. Nf3 e2 49. Bd3 e4 50. Bxe4 Bd2 51. Bd3 e1=Q 52. Nxe1 Bxe1 53. h5 Ke7
54. h6 Kf6 55. h7 Kg7 56. a4 Be6 57. Bc2 Kh8 58. Be4 Bb3 59. a5 bxa5 60. b6 Bb4
61. b7 Bd6 62. g5 a4 63. Kg4 a3 64. Bb1 a2 65. Bxa2 Bxa2 66. g6 Bd5 67. Kf5 Bxb7
68. Kf6 Bf8 69. Kg5 Kg7 70. Kh5 Be4 71. Kg5 0-1

[Event "15th Delhi Open 2017"]
[Site "New Delhi IND"]
[Date "2017.01.10"]
[Round "2.27"]
[White "Vignesh, N R"]
[Black "Kakumanu, Kautil"]
[Result "1-0"]
[WhiteTitle "IM"]
[WhiteElo "2414"]
[BlackElo "2154"]
[WhiteFideId "25012215"]
[BlackFideId "25084054"]
[EventDate "2017.01.09"]

1. e4 c5 2. Nf3 Nc6 3. Bb5 g6 4. Bxc6 bxc6 5. d3 Bg7 6. h3 Nf6 7. e5 Nd5 8. c4
Nc7 9. Nc3 O-O 10. O-O Ne6 11. Re1 d6 12. exd6 exd6 13. Be3 Rb8 14. Qd2 d5 15.
cxd5 cxd5 16. d4 c4 17. Rab1 Nc7 18. Bf4 Rb7 19. Ne5 Be6 20. b3 Bf5 21. Nc6 Qd7
22. Ne7+ Kh8 23. Nxf5 Qxf5 24. bxc4 Rxb1 25. Rxb1 Ne6 26. Be3 dxc4 27. d5 Kg8
28. dxe6 Bxc3 29. exf7+ 1-0

[Event "15th Delhi Open 2017"]
[Site "New Delhi IND"]
[Date "2017.01.10"]
[Round "3.1"]
[White "Nester, Ihor"]
[Black "Amonatov, Farrukh"]
[Result "0-1"]
[WhiteTitle "IM"]
[BlackTitle "GM"]
[WhiteElo "2373"]
[BlackElo "2619"]
[WhiteFideId "14107600"]
[BlackFideId "14700077"]
[EventDate "2017.01.09"]

1. Nf3 Nf6 2. c4 g6 3. g3 Bg7 4. Bg2 O-O 5. O-O d6 6. d4 Nbd7 7. Nc3 e5 8. e4 a6
9. Qc2 Rb8 10. Rd1 Re8 11. h3 exd4 12. Nxd4 Ne5 13. c5 Qe7 14. Bg5 Be6 15. f4
Nc6 16. cxd6 cxd6 17. Qf2 Nxd4 18. Rxd4 h6 19. Bh4 g5 20. fxg5 Ng4 21. hxg4 Bxd4
22. Qxd4 hxg5 23. Rf1 gxh4 24. Rf6 Bxg4 25. e5 Bh5 26. Qxh4 Qxe5 27. Be4 Re6 28.
Rf5 Qd4+ 29. Rf2 Qh8 30. Qg5+ Bg6 31. Nd5 Qe5 32. Qxe5 dxe5 33. Bxg6 fxg6 34.
Nc3 0-1

[Event "15th Delhi Open 2017"]
[Site "New Delhi IND"]
[Date "2017.01.10"]
[Round "3.2"]
[White "Lalith, Babu M R"]
[Black "Thakur, Akash"]
[Result "1/2-1/2"]
[WhiteTitle "GM"]
[BlackTitle "FM"]
[WhiteElo "2587"]
[BlackElo "2369"]
[WhiteFideId "5024595"]
[BlackFideId "5008514"]
[EventDate "2017.01.09"]

1. Nf3 d5 2. d4 Nf6 3. c4 c6 4. Nc3 dxc4 5. a4 Bf5 6. Ne5 Nbd7 7. Nxc4 Qc7 8. g3
e5 9. dxe5 Nxe5 10. Bf4 Nfd7 11. Bg2 f6 12. O-O Rd8 13. Ne3 Be6 14. Qc2 Qa5 15.
Be4 g6 16. h4 Be7 17. h5 f5 18. Bg2 g5 19. b4 Qxb4 20. Bxe5 Nxe5 21. Rab1 Qc5
22. Rxb7 O-O 23. Rc1 Rf7 24. Qb1 Qa5 25. Rb8 Rxb8 26. Qxb8+ Rf8 27. Qb2 f4 28.
Nf1 1/2-1/2

[Event "15th Delhi Open 2017"]
[Site "New Delhi IND"]
[Date "2017.01.10"]
[Round "3.3"]
[White "Das, Sayantan"]
[Black "Ghosh, Diptayan"]
[Result "1-0"]
[WhiteTitle "IM"]
[BlackTitle "GM"]
[WhiteElo "2371"]
[BlackElo "2570"]
[WhiteFideId "5034426"]
[BlackFideId "5045207"]
[EventDate "2017.01.09"]

1. e4 e5 2. Nf3 Nc6 3. Bb5 a6 4. Ba4 Nf6 5. d3 d6 6. c3 Be7 7. Nbd2 O-O 8. h3 b5
9. Bc2 d5 10. O-O h6 11. Qe2 d4 12. Rd1 Re8 13. a4 Be6 14. Nf1 Nd7 15. cxd4 exd4
16. Bf4 Bd6 17. Bxd6 cxd6 18. Ng3 Nde5 19. axb5 axb5 20. Rxa8 Qxa8 21. Ne1 Nd7
22. f4 f6 23. Nf3 b4 24. Nh4 b3 25. Bb1 Qa5 26. Qf2 Qc5 27. Ngf5 Kf7 28. Qd2 Ne7
29. Rc1 Qb6 30. Nxe7 Kxe7 31. Qf2 Ra8 32. Kh2 Ra5 33. Nf3 Ra4 34. f5 Bf7 35. Qg3
Qb8 36. Qxg7 d5+ 37. Kh1 dxe4 38. dxe4 Qf4 39. Rd1 Rc4 40. Qg4 Qe3 41. Rd3 Rc1+
42. Kh2 Qe2 43. Rxd4 Nc5 44. Qf4 Be8 45. Qxc1 1-0

[Event "15th Delhi Open 2017"]
[Site "New Delhi IND"]
[Date "2017.01.10"]
[Round "3.4"]
[White "Urazayev, Arystanbek"]
[Black "Karthikeyan, Murali"]
[Result "0-1"]
[WhiteTitle "CM"]
[BlackTitle "GM"]
[WhiteElo "2365"]
[BlackElo "2564"]
[WhiteFideId "13709810"]
[BlackFideId "5074452"]
[EventDate "2017.01.09"]

1. e4 c5 2. Nf3 d6 3. Bb5+ Nd7 4. d4 Nf6 5. Nc3 cxd4 6. Qxd4 a6 7. Bc4 e6 8. a4
Be7 9. O-O O-O 10. h3 b6 11. Bg5 Bb7 12. Rfd1 Rc8 13. Bf1 Qc7 14. Qe3 Qc5 15.
Qe1 Rfe8 16. Be3 Qc7 17. Bf4 Qb8 18. Nd2 Qa8 19. f3 e5 20. Be3 d5 21. exd5 Bxd5
22. Bf2 Bc6 23. Qe2 a5 24. Nde4 Nxe4 25. Nxe4 Nc5 26. Nxc5 Bxc5 27. Bxc5 bxc5
28. Qa6 e4 29. fxe4 Bxe4 30. Qxa8 Rxa8 31. Rd2 Red8 32. Rad1 Rxd2 33. Rxd2 Kf8
34. Bb5 f5 35. c3 Ke7 36. Rd7+ Kf6 37. Kf2 f4 38. Bc4 Rb8 39. b3 g5 40. g3 fxg3+
41. Kxg3 h5 42. h4 Re8 43. Rf7+ Kg6 44. Ra7 Rf8 45. Ra6+ Rf6 46. Bb5 Rxa6 47.
Bxa6 Bd5 48. Bd3+ Kf6 49. Bc2 Bf7 50. Bd1 g4 51. Kf4 Ke7 52. Bc2 Kd6 53. Bd1 c4
54. bxc4 Kc5 55. Be2 Be8 56. Bd1 Kxc4 57. Be2+ Kxc3 58. Bb5 Bf7 59. Bc6 Kb4 60.
Bd7 Kc5 61. Bb5 Kd6 62. Kg3 Ke7 63. Be2 Be8 64. Bxg4 hxg4 65. Kxg4 Kd6 66. Kf4
Kc5 67. Ke3 Bg6 68. h5 Bh7 69. Kd2 Kb4 0-1

[Event "15th Delhi Open 2017"]
[Site "New Delhi IND"]
[Date "2017.01.10"]
[Round "3.5"]
[White "Iniyan, P"]
[Black "Bernadskiy, Vitaliy"]
[Result "1-0"]
[BlackTitle "GM"]
[WhiteElo "2363"]
[BlackElo "2540"]
[WhiteFideId "25002767"]
[BlackFideId "14100371"]
[EventDate "2017.01.09"]

1. d4 Nf6 2. c4 d6 3. Nf3 g6 4. Nc3 Bg7 5. e4 O-O 6. Be2 Nbd7 7. O-O e5 8. Re1
c6 9. h3 exd4 10. Nxd4 Re8 11. Qc2 Nc5 12. Bf3 Nfd7 13. Be3 Nb6 14. b3 Be5 15.
Rad1 Qf6 16. Nce2 a5 17. Qc1 Nbd7 18. Bg4 Qh8 19. f4 Bf6 20. Bxd7 Bxd7 21. Nf5
Nxe4 22. Nxd6 Bb2 23. Bd4 Bxc1 24. Nxc1 Nf6 25. Nxe8 Rxe8 26. Rxe8+ Bxe8 27. Be5
Qg7 28. Rd8 Qf8 29. Bxf6 Qc5+ 30. Kh1 Qe3 31. Nd3 Qe6 32. Be5 Qe7 33. Rd6 b6 34.
Nf2 f5 35. c5 bxc5 36. Nd3 g5 37. Nxc5 gxf4 38. Bxf4 Qe1+ 39. Kh2 Qf2 40. Nd3
Qb6 41. Ne5 Qb4 42. Nc4 a4 43. Rd8 Qe7 44. Rc8 axb3 45. axb3 Kg7 46. Rc7 Bd7 47.
Ne5 Qb4 48. Bg5 1-0

[Event "15th Delhi Open 2017"]
[Site "New Delhi IND"]
[Date "2017.01.10"]
[Round "3.7"]
[White "Malakhatko, Vadim"]
[Black "Rajesh, V A V"]
[Result "1/2-1/2"]
[WhiteTitle "GM"]
[BlackTitle "IM"]
[WhiteElo "2514"]
[BlackElo "2331"]
[WhiteFideId "14104202"]
[BlackFideId "5029317"]
[EventDate "2017.01.09"]

1. c4 Nf6 2. Nc3 c5 3. g3 Nc6 4. Bg2 e5 5. e3 d6 6. Nge2 Be7 7. O-O O-O 8. d4
exd4 9. exd4 Bf5 10. Be3 Qd7 11. dxc5 dxc5 12. Qxd7 Nxd7 13. Rad1 Rfd8 14. Nd5
Bf8 15. b3 Nb6 16. Nec3 Nxd5 17. Bxd5 Rac8 18. Rd2 Be7 19. Rfd1 Be6 20. Kg2
Bxd5+ 21. Nxd5 Bf8 22. g4 f6 23. f4 Re8 24. Bf2 Kf7 25. Kf3 Red8 26. h3 Rd7 27.
Nc3 Rxd2 28. Rxd2 Rd8 29. Rxd8 Nxd8 30. Ke4 Ke6 31. Na4 b6 32. Nb2 Nf7 33. f5+
Kd6 34. Be3 Kc6 35. Nd3 Bd6 36. Bf4 Be7 37. h4 a6 38. a4 h6 39. Bg3 Nd6+ 40. Kf3
Nb7 41. Be1 Bd6 42. Bc3 b5 43. g5 hxg5 44. hxg5 bxc4 45. bxc4 Be7 46. Nf4 Nd6
47. Nd5 Bf8 48. gxf6 gxf6 49. Kg4 Nxc4 50. Nxf6 Nb6 51. a5 Na4 52. Bd2 c4 53.
Nh7 Bd6 54. f6 c3 55. Bh6 c2 56. f7 Nc5 57. f8=Q Bxf8 58. Nxf8 Nb3 59. Ne6 c1=Q
60. Bxc1 Nxc1 61. Kf3 Nb3 62. Ke3 Kb5 63. Nc7+ Kxa5 64. Nxa6 1/2-1/2

[Event "15th Delhi Open 2017"]
[Site "New Delhi IND"]
[Date "2017.01.10"]
[Round "3.8"]
[White "Nouri, Hamed"]
[Black "Swayams, Mishra"]
[Result "1/2-1/2"]
[BlackTitle "IM"]
[WhiteElo "2363"]
[BlackElo "2491"]
[WhiteFideId "5201454"]
[BlackFideId "5028183"]
[EventDate "2017.01.09"]

1. d4 e6 2. Nf3 Nf6 3. e3 b6 4. Bd3 Bb7 5. Nbd2 c5 6. O-O d5 7. c3 Bd6 8. Qe2
O-O 9. e4 dxe4 10. Nxe4 Nxe4 11. Bxe4 Bxe4 12. Qxe4 Nd7 13. Bg5 Qc7 14. Rad1
Rae8 15. dxc5 Nxc5 16. Qd4 Nb7 17. Qh4 f6 18. Be3 e5 19. Nd2 Rd8 20. Qa4 Bc5 21.
Nc4 Qf7 22. b3 Bxe3 23. Nxe3 Nc5 24. Qc6 Nd3 25. Nf5 Nf4 26. Qf3 Qe6 27. Ne3 Nd3
28. Nf5 Nf4 29. Ne3 Nd3 30. Nf5 1/2-1/2

[Event "15th Delhi Open 2017"]
[Site "New Delhi IND"]
[Date "2017.01.10"]
[Round "3.9"]
[White "Stopa, Jacek"]
[Black "Sangma, Rahul"]
[Result "0-1"]
[WhiteTitle "GM"]
[BlackTitle "IM"]
[WhiteElo "2479"]
[BlackElo "2314"]
[WhiteFideId "1119591"]
[BlackFideId "5013615"]
[EventDate "2017.01.09"]

1. d4 Nf6 2. c4 Nc6 3. Nc3 e5 4. d5 Ne7 5. g3 Ng6 6. Bg2 Bc5 7. e3 d6 8. b4 Bb6
9. Bb2 a5 10. a3 O-O 11. Qc2 axb4 12. axb4 Rxa1+ 13. Bxa1 Ne8 14. h4 f5 15. h5
Nh8 16. h6 g6 17. c5 dxc5 18. Na4 Nf7 19. Nxc5 Bxc5 20. bxc5 Nf6 21. Qc4 Ng4 22.
Ne2 Re8 23. O-O Qg5 24. Rd1 Qxh6 25. Qb5 Rd8 26. d6 Ng5 27. Nf4 exf4 28. gxf4
Nf3+ 29. Kf1 Qh2 30. Qb3+ Kf8 0-1

[Event "15th Delhi Open 2017"]
[Site "New Delhi IND"]
[Date "2017.01.10"]
[Round "3.10"]
[White "Styazhkina, Anna"]
[Black "Neverov, Valeriy"]
[Result "0-1"]
[WhiteTitle "WIM"]
[BlackTitle "GM"]
[WhiteElo "2289"]
[BlackElo "2478"]
[WhiteFideId "24119300"]
[BlackFideId "14100150"]
[EventDate "2017.01.09"]

1. e4 c5 2. Nf3 d6 3. d4 cxd4 4. Nxd4 Nf6 5. Nc3 Nc6 6. h3 g6 7. Be3 Bg7 8. Be2
O-O 9. O-O Bd7 10. Nb3 a6 11. a4 Na5 12. Nxa5 Qxa5 13. Qd2 Rfc8 14. Bd3 Qb4 15.
a5 Qxb2 16. Na4 Bxa4 17. Rxa4 Qe5 18. Rb1 d5 19. f4 Qc7 20. e5 Nd7 21. Qf2 e6
22. c4 Qc6 23. Rab4 Bf8 24. cxd5 exd5 25. R4b2 Qc3 26. Be2 Bc5 27. Rb3 Bxe3 28.
Qxe3 Qxe3+ 29. Rxe3 Nc5 30. Rd1 Ne6 31. Rxd5 Nxf4 32. Rd7 Rc5 33. Re4 Nxe2+ 34.
Rxe2 Re8 35. Rf2 Rf8 36. Rxb7 Rxe5 37. Rf6 Rxa5 38. Ra7 0-1

[Event "15th Delhi Open 2017"]
[Site "New Delhi IND"]
[Date "2017.01.10"]
[Round "3.11"]
[White "Grover, Sahaj"]
[Black "Tokhirjonova, Gulrukhbegim"]
[Result "1-0"]
[WhiteTitle "GM"]
[BlackTitle "WGM"]
[WhiteElo "2467"]
[BlackElo "2284"]
[WhiteFideId "5021103"]
[BlackFideId "14203626"]
[EventDate "2017.01.09"]

1. e4 e5 2. Nf3 Nc6 3. Bb5 a6 4. Ba4 Nf6 5. Qe2 b5 6. Bb3 Be7 7. O-O O-O 8. c3
d6 9. Rd1 Na5 10. Bc2 c5 11. d4 Qc7 12. d5 c4 13. b4 cxb3 14. axb3 Nb7 15. b4
Bd7 16. Be3 g6 17. h3 Nh5 18. Rc1 Ng7 19. Na3 f5 20. c4 bxc4 21. Nxc4 Bb5 22.
Ba4 Qd7 23. Qa2 Bd8 24. Nfxe5 dxe5 25. Nxe5 Qd6 26. Bxb5 Qxe5 27. Bc6 f4 28. Bd2
Rb8 29. Bc3 Qg5 30. d6+ Kh8 31. Qb2 Rg8 32. Bd5 f3 33. g3 Bb6 34. Kh2 Nxd6 35.
Bxg8 Nxe4 36. Bxg7+ Kxg8 37. Bd4 Rd8 38. Bxb6 Nxg3 39. Qb3+ Kh8 40. Qxf3 1-0

[Event "15th Delhi Open 2017"]
[Site "New Delhi IND"]
[Date "2017.01.10"]
[Round "3.12"]
[White "Gajwa, Ankit"]
[Black "Visakh, N R"]
[Result "0-1"]
[WhiteTitle "FM"]
[BlackTitle "IM"]
[WhiteElo "2275"]
[BlackElo "2453"]
[WhiteFideId "5077834"]
[BlackFideId "25012223"]
[EventDate "2017.01.09"]

1. e4 e5 2. Nf3 Nf6 3. d4 Nxe4 4. Bd3 d5 5. dxe5 Nc5 6. Be2 Be7 7. O-O O-O 8.
Be3 Nc6 9. Nc3 Be6 10. a3 a6 11. Qe1 Qe8 12. Rd1 Rd8 13. h3 f6 14. exf6 Rxf6 15.
Nd4 Nxd4 16. Bxd4 Rg6 17. Bf3 c6 18. Qe3 Qf8 19. Rfe1 Nd7 20. Bh5 Rh6 21. Qe2
Bg5 22. h4 Bf4 23. b4 Bf5 24. g3 Bd6 25. Bg4 Rg6 26. Bxf5 Qxf5 27. h5 Rg5 28. h6
gxh6 29. Qe6+ Qxe6 30. Rxe6 Rg6 31. Ree1 a5 32. Rb1 Rg4 33. Ne2 axb4 34. axb4 h5
35. f3 Rg6 36. Kf2 Rf8 37. Rh1 Nf6 38. Nf4 Bxf4 39. gxf4 Ne4+ 40. Ke3 Ng3 41.
Rhd1 Nf5+ 42. Kf2 Nh4 43. Be5 Rg2+ 44. Ke3 Kf7 45. Rh1 Nf5+ 46. Kd3 h4 47. Ra1
Kg6 48. Ra7 Rf7 49. Ra8 Kh5 50. c4 dxc4+ 51. Kxc4 Ne3+ 52. Kd3 Nd5 53. b5 Nxf4+
54. Kc3 Nd5+ 55. Kd4 Rd2+ 0-1

[Event "15th Delhi Open 2017"]
[Site "New Delhi IND"]
[Date "2017.01.10"]
[Round "3.13"]
[White "Nguyen, Huynh Minh Huy"]
[Black "Kurbonboeva, Sarvinoz"]
[Result "1-0"]
[WhiteTitle "GM"]
[BlackTitle "WIM"]
[WhiteElo "2448"]
[BlackElo "2274"]
[WhiteFideId "12401269"]
[BlackFideId "14201780"]
[EventDate "2017.01.09"]

1. d4 Nf6 2. c4 g6 3. Nc3 Bg7 4. e4 d6 5. Nf3 O-O 6. h3 e5 7. d5 a5 8. Be3 Nbd7
9. g4 Nc5 10. Nd2 Ne8 11. Qc2 f5 12. gxf5 gxf5 13. O-O-O f4 14. Bxc5 dxc5 15.
Be2 Kh8 16. Rdg1 Bf6 17. Bg4 Nd6 18. Nb5 Qe7 19. Kb1 Rg8 20. Qd1 Nxb5 21. cxb5
Bd7 22. a4 Bh4 23. Qe2 Rg7 24. Bxd7 Qxd7 25. Rg4 Bf6 26. Nc4 b6 27. Rhg1 Rag8
28. d6 Qf7 29. Rxg7 Bxg7 30. Rd1 cxd6 31. Nxb6 Bf8 32. Nc4 f3 33. Qd3 Qc7 34.
Qxf3 Be7 35. Qd3 Rf8 36. Nxd6 Rxf2 37. Qg3 1-0

[Event "15th Delhi Open 2017"]
[Site "New Delhi IND"]
[Date "2017.01.10"]
[Round "3.14"]
[White "Shashikant, Kutwal"]
[Black "Shyaamnikhil, P"]
[Result "1/2-1/2"]
[BlackTitle "IM"]
[WhiteElo "2257"]
[BlackElo "2446"]
[WhiteFideId "5006520"]
[BlackFideId "5024218"]
[EventDate "2017.01.09"]

1. e4 c5 2. Nf3 d6 3. d4 cxd4 4. Nxd4 Nf6 5. Nc3 a6 6. Be3 e5 7. Nf3 Qc7 8. a4
Be6 9. Ng5 Bg4 10. Be2 Bxe2 11. Qxe2 Nbd7 12. O-O Be7 13. Rfd1 Rc8 14. Nf3 Qc6
15. Bg5 h6 16. Bxf6 Nxf6 17. Nh4 g6 18. g3 Bd8 19. a5 Qc5 20. Qf3 O-O 21. Ng2
Kg7 22. Ne3 Bxa5 23. Ncd5 Bd8 24. Ra3 Nxd5 25. Rxd5 Qa7 26. Rxd6 Bg5 27. h4 Qb8
28. Rad3 Bxe3 29. Qf6+ Kg8 30. Rxe3 h5 31. c3 Rce8 32. Red3 Qc8 33. Kg2 Qc4 34.
Qf3 Re6 35. Rxe6 Qxe6 36. Rd5 1/2-1/2

[Event "15th Delhi Open 2017"]
[Site "New Delhi IND"]
[Date "2017.01.10"]
[Round "3.15"]
[White "Rathnakaran, K."]
[Black "Arjun, Kalyan"]
[Result "1-0"]
[WhiteTitle "IM"]
[WhiteElo "2428"]
[BlackElo "2269"]
[WhiteFideId "5005507"]
[BlackFideId "35018701"]
[EventDate "2017.01.09"]

1. e4 e5 2. Nf3 Nc6 3. Bc4 Nf6 4. d3 Be7 5. Nc3 d6 6. a3 O-O 7. Ba2 Be6 8. Nd5
Nd4 9. Nxe7+ Qxe7 10. Nxd4 exd4 11. O-O Bxa2 12. Rxa2 d5 13. f3 dxe4 14. fxe4
Qe6 15. Ra1 Nd7 16. Bf4 c5 17. Qh5 f6 18. Rf3 g6 19. Qh6 f5 20. Re1 Nf6 21. Qh4
fxe4 22. Bg5 Nd5 23. dxe4 Nb6 24. Rxf8+ Rxf8 25. Bh6 Re8 26. b4 cxb4 27. axb4
Qe7 28. Qf2 Qxb4 29. e5 Nd5 30. Rf1 Qe7 31. e6 1-0